O guia dos curiosos (Record no. 133934)

MARC details
000 -LÍDER
campo de controle de tamanho fixo 00554 a2200193 4500
001 - NÚMERO DE CONTROLE
campo de controle 133934
020 ## - ISBN - INTERNATIONAL STANDARD BOOK NUMBER
ISBN - International Standard Book Number 85-87537-56-3
040 ## - FONTE DA CATALOGAÇÃO
Instituição que transcreveu o registro Leonardo Da Vinci
041 ## - CÓDIGO DE IDIOMA
Código do idioma do texto/trilha sonora ou título diferente Português
082 ## - CDD - CLASSIFICAÇÃO DECIMAL DE DEWEY
Número de Classificação 796.48 D873g
Número do exemplar D873g
100 ## - ENTRADA PRINCIPAL--NOME PESSOAL
Nome pessoal DUARTE, Marcelo
245 ## - TÍTULO
Título O guia dos curiosos
Restante do título jogos olímpicos
260 ## - PUBLICAÇÃO, DISTRIBUIÇÃO, ETC.
Nome do editor, distribuidor, etc. Panda
Data da publicação, distribuição, etc. 2004
Local de publicação, distribuição, etc. São Paulo
300 ## - DESCRIÇÃO FÍSICA
Extensão 285
362 ## - DATAS DE PUBLICAÇÃO E/OU DESIGNAÇÃO SEQUENCIAL
Datas de publicação e/ou designação sequencial 20040000
500 ## - NOTA GERAL
Nota geral Adriana Alves, Arthur Carvalho e Daniel Kondo(Ilustração)
697 ## - ENTRADA DE ASSUNTO LOCAL--ENTIDADE COLETIVA (RLIN)
Nome corporativo ou nome da jurisdição Esportes
-- Evento Esportivo
-- Jogos Olímpicos
-- História
-- Olimpíadas
942 ## - ELEMENTOS DE ENTRADA ADICIONADOS (KOHA)
Tipo de material Koha Livros
Holdings
Situação do descarte Situação das perdas Situação física Não pode ser emprestado Biblioteca de origem Biblioteca atual Data de aquisição Total de empréstimos Número de chamada completo Código de barras Data de último acesso Data do preço efetivo Tipo de material Koha
        Leonardo Da Vinci - Osasco Leonardo Da Vinci - Osasco 27/03/2024   796.48 D873g O006278 27/03/2024 27/03/2024 Livros